[Event "CHN-ch Rapid Women 2017"]
[Site "Shenzhen"]
[Date "2017.12.08"]
[Round "9"]
[White "Li, Xueyi"]
[Black "Zhu, Jiner"]
[Result "0-1"]
[WhiteElo "2190"]
[BlackElo "2324"]
[Annotator "TA"]
[PlyCount "54"]
[EventDate "2017.??.??"]
[EventType "rapid"]
[EventCountry "CHN"]
[SourceTitle "playchess.com"]
[Source "ChessBase"]
[SourceQuality "1"]

{[%evp 16,54,0,0,0,-47,0,-3,0,-22,-19,-65,-44,-126,-8,-23,-7,-21,0,0,165,-48,-48,-61,-42,-237,-242,-325,-307,-399,-394,-492,-433,-438,-425,-449,-444,-413,-422,-664,-510]} 1. d4 Nf6 2. c4 b6 3. Nc3 Bb7 4. Nf3 e6 5. a3 d5 6. Bg5 Be7 7. e3 O-O 8. Bd3 Nbd7 {E12: Damenindisch (Petrosjan-System und 4. oder 5.Lg5)} (8... dxc4 9. Bxc4 Nbd7 10. O-O c5 11. Qe2 Ne4 12. Nxe4 Bxe4 13. Bxe7 Qxe7 14. Rfd1 Bxf3 15. Qxf3 cxd4 16. Bb5 Nf6 17. Rxd4 Rad8 18. Rxd8 Rxd8 {½-½ (30) Kamsky,G (2762)-Karjakin,S (2775) Tashkent 2012}) 9. cxd5 {LiveBook: 3 Partien} Nxd5 10. h4 $146 ({Vorgänger:} 10. Bxe7 Qxe7 11. Nxd5 Bxd5 12. Qc2 Bxf3 13. gxf3 Nf6 14. Rc1 c5 15. dxc5 Rac8 16. c6 {1-0 (64) Serper,G (2592)-Shankland,S (2208) Las Vegas 2006}) 10... N7f6 {Schwarz steht etwas besser.} 11. Nxd5 Nxd5 12. e4 Bxg5 13. exd5 Bh6 14. Ng5 {[#]} (14. dxe6 $15 Qe7 15. Kf1) 14... exd5 (14... g6 $1 $17 15. dxe6 Bxg5 16. hxg5 Qxg5) 15. Bxh7+ $11 Kh8 {Droht ...f6 und aus.} 16. Bd3 Re8+ 17. Kf1 Qf6 $2 (17... Re7 $1 $11 {und Schwarz steht sicher.}) 18. Nf3 $2 ({Lieber} 18. Rh3 $18) 18... Bc8 $15 19. Ne5 Kg8 $1 20. g4 $2 (20. Qa4 $15 Re7 21. Qc6 Qxc6 22. Nxc6) 20... Be3 $1 $40 {[%csl Ge3][%cal Rf6f2][%mdl 128] Schwarz hat starken Angriff.} 21. Bh7+ Kf8 {[%csl Ge3][%cal Rf6f2]} ({Bloß nicht} 21... Kh8 22. Bf5 $19) 22. Rh2 {[#]} Bxd4 $1 {[%mdl 512]} 23. Nd3 (23. Qxd4 Rxe5) 23... Qh6 24. Bf5 Bxf5 25. gxf5 Re4 26. h5 Rae8 27. Qc2 (27. Qc1 $142) 27... c5 {Precision: Weiß = 25%, Schwarz = 59%.} 0-1

[Event "CHN-ch Rapid Women 2017"]
[Site "Shenzhen"]
[Date "2017.12.08"]
[Round "9"]
[White "Zhang, Lanlin"]
[Black "Ning, Kaiyu"]
[Result "1-0"]
[WhiteElo "2183"]
[BlackElo "2169"]
[Annotator "RC"]
[PlyCount "105"]
[EventDate "2017.??.??"]
[EventType "rapid"]
[EventCountry "CHN"]
[SourceTitle "playchess.com"]
[Source "ChessBase"]
[SourceQuality "1"]
[TimeControl "900+10"]

1. e4 e6 2. d3 d5 3. Nd2 Nf6 4. g3 dxe4 5. dxe4 e5 6. Bg2 Nc6 7. Ngf3 Bc5 8. O-O O-O 9. c3 Qe7 10. b4 Bd6 11. Qc2 b6 12. a4 a5 13. b5 Nd8 14. Nc4 Bb7 15. Nh4 Bc5 16. Nf5 Qe6 17. Nce3 g6 18. Nh4 Bxe3 19. Bxe3 Qc4 20. Rfe1 Ne6 21. f3 Nc5 22. Bf1 Qe6 23. Ng2 Nfd7 24. Qa2 Qxa2 25. Rxa2 Kg7 26. Rd1 f5 27. Rad2 Nf6 28. Bxc5 bxc5 29. exf5 Bxf3 30. Re1 Rae8 31. fxg6 hxg6 32. Ne3 Re7 33. Bg2 Ne4 34. Rc2 Ng5 35. h4 Bxg2 36. Kxg2 Nf3 37. Ree2 Rd7 38. Rc1 e4 39. Nc4 Re8 40. Nxa5 Ra8 41. Nb3 Rad8 42. Rxe4 Nd2 43. Nxd2 Rxd2+ 44. Kh3 R8d7 45. Rce1 Kf7 46. Rf4+ Kg7 47. Ra1 Rb2 48. Re1 Ra2 49. Re5 Rd1 50. Rxc5 Rh1+ 51. Kg4 Rg1 52. Rxc7+ Kg8 53. Rd4 1-0

[Event "CHN-ch Rapid Women 2017"]
[Site "Shenzhen"]
[Date "2017.12.08"]
[Round "9"]
[White "Chu, Ruotong"]
[Black "Hong, Xing"]
[Result "1/2-1/2"]
[WhiteElo "2166"]
[BlackElo "2017"]
[Annotator "TA"]
[PlyCount "68"]
[EventDate "2017.??.??"]
[EventType "rapid"]
[EventCountry "CHN"]
[SourceTitle "playchess.com"]
[Source "ChessBase"]
[SourceQuality "1"]

{[%evp 17,68,54,88,16,58,4,17,1,15,6,20,0,60,-61,-34,-41,-35,-35,-33,-36,-41,-37,-44,-64,-33,-37,-37,-25,0,0,0,0,0,0,0,0,-29,-218,18,20,27,-14,-17,-46,-51,-54,-25,-60,-60,-69,-71,-103,-20]} 1. d4 {[%cal Bd2d4,Bd4e5][%mdl 32]} Nf6 2. c4 e5 3. dxe5 Ng4 4. Bf4 g5 5. Bg3 Bg7 6. Nf3 Nc6 7. Nc3 Ngxe5 8. Nxe5 Nxe5 9. e3 d6 10. Rc1 {A52: Budapest Gambit} (10. h4 $16) (10. h4 g4 11. h5 Bf5 12. Bh4 Bf6 13. Bxf6 Qxf6 14. Nd5 Qd8 15. Qd4 c6 16. Nc3 Qf6 17. O-O-O Ke7 {½-½ (38) Sunilduth Lyna,N (2481)-Savchenko,B (2567) Olongapo City 2015}) 10... Be6 11. Nb5 (11. h4 $14) 11... Qe7 $146 ({Predecessor:} 11... O-O 12. Be2 f5 13. Nd4 Bd7 14. f4 Ng4 15. Qb3 c5 16. Nc2 Qa5+ 17. Kf1 Rae8 {0-1 (54) Chi,P (2046)-Nikolayev,I (2344) Colonie 2011}) 12. Be2 {The position is equal.} a6 13. Nd4 Bd7 14. Qc2 Nc6 (14... h5 $11) 15. Rd1 (15. Nf5 $14 Bxf5 16. Qxf5) 15... Nxd4 16. exd4 O-O-O 17. O-O h5 {[%cal Bh7h5,Bh5h4][%mdl 32] [#] ...h4 is the strong threat.} 18. f3 f5 19. d5 h4 20. Bf2 g4 21. c5 $1 {[%cal Rc5c6]} g3 $1 {[%cal Rg3f2]} 22. c6 $1 ({Not} 22. hxg3 $2 hxg3 23. Bxg3 Qe3+ 24. Rf2 Qh6 $19) 22... gxf2+ 23. Rxf2 {Strongly threatening Qb3.} Qe3 24. cxd7+ Rxd7 {And now ...Bd4 would win.} 25. Bd3 Kb8 26. Bxf5 Re7 27. Kh1 $2 {[#]} (27. Qd2 $11 {and White stays safe.}) 27... Bd4 $2 ({Better is} 27... Qf4 $1 $19 {Hoping for ...Be5.} 28. Kg1 Rf8) 28. Rff1 $11 Be5 {Threatens to win with ...Qf4.} 29. f4 (29. Qd2 {looks sharper.} Bf4 30. Qxe3 Rxe3 31. Rfe1 Rhe8 32. Be6) 29... Bxf4 $40 {[%mdl 128] White needs to defend precisely.} 30. Qf2 Qxf2 31. Rxf2 Bg3 32. Rc2 Be5 33. Kg1 Rf8 34. Be6 Rg7 {Precision: White = 33%, Black = 53%.} ({Black should play} 34... c5 $17) 1/2-1/2